La compañía visionaria: Wordsworth, Coleridge y Keats
Saved in:
| 主要作者: | |
|---|---|
| 格式: | 圖書 |
| 語言: | 西班牙语 |
| 出版: |
Buenos Aires
Adriana Hidalgo
2003
|
| 版: | 1a. ed |
| 叢編: | El otro lado. Ensayo
|
| 主題: | |
| 標簽: |
添加標簽
沒有標簽, 成為第一個標記此記錄!
|
MARC
| LEADER | 00000nam a2200000 a 4500 | ||
|---|---|---|---|
| 001 | UCK2179 | ||
| 003 | CL-VaPUC | ||
| 005 | 20250122153528.0 | ||
| 008 | 041223e20030000AG |||||||||||||||||spa|d | ||
| 999 | |c 311798 |d 311796 | ||
| 020 | |a 9879396936 | ||
| 040 | |c Pontificia Universidad Católica de Valparaíso | ||
| 082 | 0 | 4 | |a 821 |b BLO |2 21 |
| 100 | 0 | |a Bloom, Harold |e author |9 489987 | |
| 245 | 1 | 3 | |a La compañía visionaria: Wordsworth, Coleridge y Keats |
| 250 | |a 1a. ed | ||
| 260 | |a Buenos Aires |b Adriana Hidalgo |c 2003 | ||
| 300 | |a 388 p | ||
| 490 | 0 | |a El otro lado. Ensayo | |
| 583 | |a last modification |c 20041223 00:00:00 |k Rodrigo Vera | ||
| 600 | 0 | 7 | |a WORDSWORTH, WILLIAM |2 CL-VaPUC |9 489988 |
| 600 | 0 | 7 | |a COLERIDGE, SAMUEL TAYLOR |2 CL-VaPUC |9 322435 |
| 600 | 0 | |a Keats, John |d 1795-1821 |e autor |9 859068 | |
| 650 | 0 | |a Poesía inglesa |9 264944 | |
| 650 | 0 | |a Literatura inglesa |9 312907 | |
| 650 | 0 | |a Historia y crítica |9 257407 | |
| 650 | 7 | |a POESIA INGLESA - SIGLO 18 |2 CL-VaPUC |9 489989 | |
| 650 | 7 | |a POESIA INGLESA - SIGLO 19 |2 CL-VaPUC |9 489990 | |
| 650 | 0 | |a Romanticismo |9 266698 | |
| 852 | |a BIBCUR | ||
| 942 | |c BK |2 ddc | ||
| 945 | |d 20041223 00:00:00 |a vberengu | ||
| 952 | |0 0 |1 0 |4 0 |6 821_000000000000000_BLO_2003 |7 0 |8 A |9 381452 |a BIBART |b BIBART |d 2019-11-21 |i 409008K |o 821 BLO 2003 |p 409008K |r 2025-03-13 |w 2019-11-21 |y BK |k ART | ||